Possible Secessionist States in Europe - Statistics

General Stats
  • This quiz has been taken 40 times
  • The average score is 20 of 53
Answer Stats
Current Countries Answer % Correct
France/Spain/Andorra Catalonia
89%
Spain/France Euskadi
83%
Georgia*** Abkhazia
74%
UK Northern Ireland
71%
UK Scotland
71%
Russia/Georgia*** Ossetia
69%
Italy Sicily
69%
UK Wales
69%
France Brittany
66%
Ukraine*** Crimea
66%
Italy Sardinia
66%
Moldova*** Transnistria
66%
Belgium Wallonia
66%
Belgium/Netherlands Flanders
63%
Germany Bavaria
60%
Russia Chechnya
60%
Spain Galicia
60%
Poland/Czechia Silesia
51%
Spain Andalusia
49%
UK Isle of Man
49%
Denmark Faroe
46%
Russia Karelia
43%
Russia Tatarstan
43%
Russia Dagestan
40%
Denmark/Germany/Netherlands Frisia
40%
Italy Venice
40%
Cyprus*** North Cyprus
37%
Ukraine*** Donbas
34%
Azerbaijan*** Artsakh
29%
France Occitania
26%
Russia/Sweden/Finland/Norway Sami
26%
Spain Valencia
26%
Ukraine/Slovakia/Poland Carpathian Ruthenia
23%
Italy Naples
23%
UK Gibraltar
20%
Russia Kalmykia
20%
Russia Komi
20%
Russia Adygea/Circassia
17%
France/Italy/Switzerland Arpitania
17%
Russia Chuvashia
17%
Moldova Gagauzia
17%
Russia Bashkortostan
14%
Germany/Poland Sorbia
14%
Russia Udmurtia
14%
Russia Ingushetia
11%
Russia Mari El
11%
Russia Mordovia
11%
Poland Kashubia
9%
Romania Szeklerland
9%
France Corsia
6%
Russia Kabardia
6%
Georgia*** Mingrelia
6%
Russia Balkaria
0%
No matching quizzes found
Score Distribution
Percent of People with Each Score
Percentile by Number Answered
Your Score History
You have not taken this quiz